[Event "Sarajevo Bosna op-B 44th"]
[Site "Sarajevo"]
[Date "2014.06.02"]
[Round "5"]
[White "Brajovic, Miroljub"]
[Black "Hodzic, Nihad"]
[Result "0-1"]
[WhiteElo "2124"]
[BlackElo "2258"]
[PlyCount "102"]
[EventDate "2014.05.30"]
[EventType "swiss"]
[EventRounds "9"]
[EventCountry "BIH"]
[SourceTitle "CBM 160 Extra"]
[Source "ChessBase"]
[SourceDate "2014.07.01"]
[SourceVersion "1"]
[SourceVersionDate "2014.07.01"]
[SourceQuality "1"]

1. e4 c5 2. c3 Nf6 3. e5 Nd5 4. d4 cxd4 5. cxd4 Nc6 6. Nf3 d6 7. Be2 g6 8. Qb3 dxe5 9. dxe5 Bg7 10. Bc4 Be6 11. Nc3 Nxc3 12. Bxe6 fxe6 13. Qxc3 0-0 14. 0-0 Qd5 15. Bg5 Nxe5 16. Nxe5 Bxe5 17. Qe3 Bxb2 18. Rad1 Qxa2 19. Qe2 Qa5 20. Qxe6+ Rf7 21. Rd5 Qa6 22. Qg4 e6 23. Rd2 Bc3 24. Rc2 Bg7 25. h4 Qd3 26. Rd2 Qf5 27. Qc4 b5 28. Qc6 Raf8 29. Re2 b4 30. Bc1 b3 31. Bb2 Qd5 32. Qa6 Bxb2 33. Rxb2 Rb8 34. Re1 e5 35. Re3 Qd4 36. Qe2 Rfb7 37. Re4 Qc3 38. Rxe5 a5 39. Re3 Qf6 40. Rf3 Qd4 41. Rfxb3 Rxb3 42. Rxb3 Rxb3 43. Qe6+ Kg7 44. Qxb3 Qb4 45. Qe3 a4 46. Qe5+ Kf7 47. Qd5+ Ke7 48. Qe5+ Kf7 49. h5 a3 50. Qd5+ Kf6 51. Qd8+ Qe7 0-1

[Event "Sarajevo Bosna op-B 44th"]
[Site "Sarajevo"]
[Date "2014.06.01"]
[Round "4"]
[White "Hodzic, Nihad"]
[Black "Bogdanovic, Rajko"]
[Result "0-1"]
[WhiteElo "2258"]
[BlackElo "2299"]
[PlyCount "98"]
[EventDate "2014.05.30"]
[EventType "swiss"]
[EventRounds "9"]
[EventCountry "BIH"]
[SourceTitle "CBM 160 Extra"]
[Source "ChessBase"]
[SourceDate "2014.07.01"]
[SourceVersion "1"]
[SourceVersionDate "2014.07.01"]
[SourceQuality "1"]

1. d4 Nf6 2. c4 g6 3. Nc3 d5 4. Nf3 Bg7 5. Bf4 0-0 6. Rc1 c6 7. e3 Qb6 8. c5 Qa5 9. Bd3 Nbd7 10. h3 Ne4 11. 0-0 f5 12. Bxe4 fxe4 13. Ne5 Nxe5 14. dxe5 Qc7 15. Qd4 Be6 16. b4 g5 17. Bh2 Rf5 18. Ne2 Raf8 19. Qb2 Bxe5 20. Bxe5 Rxe5 21. Nd4 Bc8 22. b5 g4 23. h4 Rh5 24. g3 e5 25. Ne2 Rhf5 26. Nc3 Qf7 27. a4 Be6 28. Nd1 Qf6 29. Nc3 Rf3 30. Qe2 Qf5 31. Rc2 d4 32. bxc6 bxc6 33. Rcc1 dxc3 34. Rxc3 Bd5 35. Rc2 Rb8 36. Rd1 Qf7 37. Rdc1 Qb7 38. Qd2 h5 39. Qc3 Qc7 40. Rb2 Rxb2 41. Qxb2 Rf8 42. Rb1 Bc4 43. Rc1 Bd3 44. Rc3 Qe7 45. Rc1 Qc7 46. Qb3+ Qf7 47. Qb2 Qd5 48. Kg2 Rd8 49. Kg1 Ba6 0-1

[Event "Sarajevo Bosna op-B 44th"]
[Site "Sarajevo"]
[Date "2014.05.30"]
[Round "1"]
[White "Hodzic, Nihad"]
[Black "Oputic, Mirsad"]
[Result "1-0"]
[WhiteElo "2258"]
[BlackElo "1956"]
[PlyCount "89"]
[EventDate "2014.05.30"]
[EventType "swiss"]
[EventRounds "9"]
[EventCountry "BIH"]
[SourceTitle "CBM 160 Extra"]
[Source "ChessBase"]
[SourceDate "2014.07.01"]
[SourceVersion "1"]
[SourceVersionDate "2014.07.01"]
[SourceQuality "1"]

1. d4 d5 2. c4 c6 3. Nc3 Nf6 4. Nf3 e6 5. e3 Nbd7 6. Bd3 Bd6 7. 0-0 Qe7 8. e4 dxe4 9. Nxe4 Nxe4 10. Bxe4 Nf6 11. Bc2 h6 12. b3 b6 13. Bb2 Bb7 14. Qe2 0-0 15. Ne5 c5 16. dxc5 Bxc5 17. Rad1 Rfd8 18. Ng4 Nxg4 19. Qxg4 Qg5 20. Qxg5 hxg5 21. Rxd8+ Rxd8 22. Rd1 Rxd1+ 23. Bxd1 f6 24. Kf1 e5 25. Bc2 Kf7 26. f3 Ke6 27. Be4 Bxe4 28. fxe4 f5 29. exf5+ Kxf5 30. h3 Ke4 31. Ke2 g6 32. Bc1 Kf5 33. g4+ Kf6 34. Kf3 Be7 35. Ke4 Ke6 36. Be3 Kd6 37. b4 Ke6 38. c5 Bd8 39. a4 Bc7 40. cxb6 axb6 41. Bxg5 Bd6 42. Be3 Bc7 43. h4 Kf6 44. Kd5 Bd8 45. Bg5+ 1-0

[Event "BIH-chT 12th"]
[Site "Sarajevo"]
[Date "2013.06.22"]
[Round "8.1"]
[White "Trkulja, Goran"]
[Black "Hodzic, Nihad"]
[Result "1/2-1/2"]
[WhiteElo "2390"]
[BlackElo "2286"]
[PlyCount "120"]
[EventDate "2013.06.15"]
[EventType "team-tourn"]
[EventRounds "9"]
[EventCountry "BIH"]
[SourceTitle "CBM 155 Extra"]
[Source "ChessBase"]
[SourceDate "2013.08.26"]
[SourceVersion "1"]
[SourceVersionDate "2013.08.26"]
[SourceQuality "1"]
[WhiteTeam "Zenica Celik"]
[BlackTeam "Sarajevo Zeljeznicar"]
[WhiteTeamCountry "BIH"]
[BlackTeamCountry "BIH"]

1. e4 c5 2. Nf3 e6 3. d4 cxd4 4. Nxd4 Nc6 5. Nc3 Qc7 6. Be2 a6 7. 0-0 Nf6 8. Be3 d6 9. a4 Be7 10. f4 0-0 11. Nb3 b6 12. Bf3 Bb7 13. Qe2 Rfe8 14. Rad1 Nd7 15. Kh1 Nc5 16. Qf2 Rab8 17. e5 dxe5 18. Nxc5 Bxc5 19. Bxc5 bxc5 20. Qxc5 exf4 21. Rd6 Rbc8 22. Rfd1 Nb8 23. Qf2 e5 24. Bxb7 Qxb7 25. Nd5 Qxb2 26. Qh4 Qb7 27. Qg5 Kh8 28. Nb6 f6 29. Qh5 g6 30. Qh4 Rxc2 31. Qxf6+ Qg7 32. Qg5 Rc6 33. Rd8 Rce6 34. Rxe8+ Rxe8 35. Rd8 Qf8 36. Rxe8 Qxe8 37. Qf6+ Kg8 38. Nd5 h5 39. h4 Kh7 40. Qd6 Kh6 41. Nf6 Qf7 42. Qxe5 Nd7 43. Qg5+ Kg7 44. Nxh5+ Kh7 45. Nxf4 Nf8 46. g3 Qb7+ 47. Qd5 Qxd5+ 48. Nxd5 Nd7 49. a5 g5 50. hxg5 Kg6 51. Nb4 Nc5 52. Kg2 Kxg5 53. Kf3 Kf5 54. g4+ Kg5 55. Nc6 Nb7 56. Kg3 Nc5 57. Nd4 Nb7 58. Nb3 Nd6 59. Nc5 Nc4 60. Ne6+ Kf6 1/2-1/2

[Event "Sarajevo Bosna op-B 43rd"]
[Site "Sarajevo"]
[Date "2013.06.08"]
[Round "9"]
[White "Hodzic, Nihad"]
[Black "Jelecevic, Ivo"]
[Result "0-1"]
[WhiteElo "2286"]
[BlackElo "2175"]
[PlyCount "80"]
[EventDate "2013.06.01"]
[EventType "swiss"]
[EventRounds "9"]
[EventCountry "BIH"]
[SourceTitle "CBM 154 Extra"]
[Source "ChessBase"]
[SourceDate "2013.06.25"]
[SourceVersion "2"]
[SourceVersionDate "2013.06.25"]
[SourceQuality "1"]

1. d4 d5 2. Nf3 Nf6 3. c4 c6 4. Nc3 e6 5. e3 Nbd7 6. Bd3 dxc4 7. Bxc4 b5 8. Bd3 a6 9. a4 Bb7 10. 0-0 b4 11. Nb1 c5 12. Nbd2 Be7 13. Qe2 0-0 14. Re1 Re8 15. a5 Bf8 16. e4 cxd4 17. e5 Nd5 18. Nb3 g6 19. Bg5 Qb8 20. Nbxd4 Bg7 21. h4 Qa7 22. Nb3 h5 23. Nbd2 Rec8 24. Nc4 Nc5 25. Nd6 Rc7 26. Bc4 Bc6 27. Rec1 Nd7 28. Bd2 Bf8 29. Bxd5 Bxd5 30. Rxc7 Qxc7 31. Bxb4 Rb8 32. Bc3 Bxd6 33. exd6 Qxd6 34. Ne5 Rb7 35. Nxd7 Rxd7 36. Be5 Qe7 37. Qxa6 Bb7 38. Qc4 f6 39. Bc3 Rc7 40. a6 Rxc4 0-1

[Event "Sarajevo Bosna op-B 43rd"]
[Site "Sarajevo"]
[Date "2013.06.06"]
[Round "7"]
[White "Hodzic, Nihad"]
[Black "Cosovic, Aziz"]
[Result "1-0"]
[WhiteElo "2286"]
[BlackElo "2045"]
[PlyCount "47"]
[EventDate "2013.06.01"]
[EventType "swiss"]
[EventRounds "9"]
[EventCountry "BIH"]
[SourceTitle "CBM 154 Extra"]
[Source "ChessBase"]
[SourceDate "2013.06.25"]
[SourceVersion "2"]
[SourceVersionDate "2013.06.25"]
[SourceQuality "1"]

1. d4 Nf6 2. Nf3 d5 3. c4 e6 4. Nc3 c6 5. e3 Nbd7 6. Bd3 a6 7. a4 Bb4 8. 0-0 0-0 9. Qc2 dxc4 10. Bxc4 Nd5 11. e4 Nxc3 12. bxc3 Be7 13. e5 Re8 14. Bd3 Nf8 15. Re1 a5 16. Re4 f5 17. exf6 Bxf6 18. Ne5 Bg5 19. Bxg5 Qxg5 20. Rg4 Qe7 21. Rf4 Rb8 22. Rf7 Qd8 23. Bxh7+ Nxh7 24. Rxg7+ 1-0

[Event "Sarajevo Bosna op-B 43rd"]
[Site "Sarajevo"]
[Date "2013.06.03"]
[Round "4"]
[White "Terzic, Ilijas"]
[Black "Hodzic, Nihad"]
[Result "1/2-1/2"]
[WhiteElo "2213"]
[BlackElo "2286"]
[PlyCount "53"]
[EventDate "2013.06.01"]
[EventType "swiss"]
[EventRounds "9"]
[EventCountry "BIH"]
[SourceTitle "CBM 154 Extra"]
[Source "ChessBase"]
[SourceDate "2013.06.25"]
[SourceVersion "2"]
[SourceVersionDate "2013.06.25"]
[SourceQuality "1"]

1. d4 Nf6 2. Nf3 c5 3. e3 e6 4. Bd3 d5 5. c4 Nc6 6. Nc3 a6 7. a3 Bd6 8. dxc5 Bxc5 9. b4 Bd6 10. Bb2 0-0 11. 0-0 dxc4 12. Bxc4 e5 13. Qc2 Qe7 14. Ng5 e4 15. Ncxe4 Nxe4 16. Nxe4 Bf5 17. Bd3 Be5 18. Bxe5 Nxe5 19. Nf6+ Qxf6 20. Bxf5 g6 21. Be4 Rac8 22. Qe2 b5 23. Rac1 Nc4 24. a4 Qe7 25. Bd5 Qxb4 26. axb5 axb5 27. e4 1/2-1/2

[Event "Sarajevo Bosna op-B 43rd"]
[Site "Sarajevo"]
[Date "2013.06.02"]
[Round "3"]
[White "Hodzic, Nihad"]
[Black "Gromovs, Sergejs"]
[Result "1-0"]
[WhiteElo "2286"]
[BlackElo "2198"]
[PlyCount "73"]
[EventDate "2013.06.01"]
[EventType "swiss"]
[EventRounds "9"]
[EventCountry "BIH"]
[SourceTitle "CBM 154 Extra"]
[Source "ChessBase"]
[SourceDate "2013.06.25"]
[SourceVersion "2"]
[SourceVersionDate "2013.06.25"]
[SourceQuality "1"]

1. d4 Nf6 2. c4 g6 3. Nc3 d5 4. Nf3 Bg7 5. Bf4 0-0 6. Rc1 c5 7. dxc5 Qa5 8. cxd5 Na6 9. Qd2 Nxc5 10. e4 Bd7 11. e5 Nh5 12. Be3 Rac8 13. Qd4 f6 14. e6 f5 15. Ne5 Be8 16. b4 Bxe5 17. Qxe5 Qxb4 18. Bd4 Nf6 19. Be2 Nce4 20. 0-0 Qa3 21. Nxe4 Rxc1 22. Bb2 Rxf1+ 23. Bxf1 Qb4 24. Nxf6+ exf6 25. Bc3 Qb1 26. Qe2 Qc1 27. Bb4 a6 28. d6 Bb5 29. Qe1 Qxe1 30. Bxe1 Bc6 31. Bc4 Ra8 32. e7+ Kg7 33. Be6 b5 34. Ba5 Ra7 35. Bc7 Be8 36. d7 Rxc7 37. dxe8N+ 1-0